El Reino de Valencia en el siglo XVII / (Record no. 41295)

MARC details
000 -LEADER
campo de control de longitud fija 00580nam a2200193 i 4500
001 - NÚMERO DE CONTROL
campo de control 41295
003 - IDENTIFICADOR DE NÚMERO DE CONTROL
campo de control ES-MaACL
007 - CAMPO FIJO DE DESCRIPCIÓN FÍSICA--INFORMACIÓN GENERAL
campo de control de longitud fija t|
008 - DATOS DE LONGITUD FIJA--INFORMACIÓN GENERAL
campo de control de longitud fija 030310s1983 sp ||||1| spa d
100 1# - ENTRADA PRINCIPAL--NOMBRE DE PERSONA
Nombre de persona Casey, James.
9 (RLIN) 36307
245 13 - MENCIÓN DEL TÍTULO
Título El Reino de Valencia en el siglo XVII /
Mención de responsabilidad, etc. por James Casey ; [traducción de Juan Facilacasta].
260 ## - PUBLICACIÓN, DISTRIBUCIÓN, ETC.
Lugar de publicación, distribución, etc. [Madrid, etc.] :
Nombre del editor, distribuidor, etc. Siglo Veintiuno,
Fecha de publicación, distribución, etc. [1983]
300 ## - DESCRIPCIÓN FÍSICA
Extensión 281 p. ;
Dimensiones 21 cm.
490 1# - MENCIÓN DE SERIE
Mención de serie Historia
700 1# - ENTRADA AGREGADA--NOMBRE PERSONAL
Nombre de persona Facilacasta, Juan.
9 (RLIN) 48600
830 0# - PUNTO DE ACCESO ADICIONAL DE SERIE-TÍTULO UNIFORME
Título uniforme Historia
9 (RLIN) 177536
852 ## - LOCALIZACIÓN
Ubicación ES-MaACL
Número de control de estantería L-4992
Sublocalización o colección R.105093
Holdings
Estatus retirado Estado de pérdida Estado de daño No para préstamo Biblioteca de origen Biblioteca actual Ubicación en estantería Fecha de adquisición Fuente de adquisición Total de préstamos Signatura topográfica completa Código de barras Visto por última vez Precio de reemplazo Tipo de ítem Koha
        Biblioteca del Ateneo de Madrid Biblioteca del Ateneo de Madrid Depósito 2 17/01/2008     L-4992 1043474 23/02/2023 23/02/2023 Libro impreso